Australian cities multiple choice: Maitland - Statistics

General Stats
  • This quiz has been taken 17 times
  • The average score is 6 of 15
Answer Stats
Question Answer % Correct
Where can you board a train bound for Newcastle? East Maitland Station
80%
Who or what are the Berro Boots? A pair of giant ugg boots outside a sheepskin factory
60%
What were the Maitland Pumpkin Pickers? A rugby league club
60%
Morpeth Museum focuses on... local history
60%
Whom are the Paterson River, Paterson's Plains and Paterson Road named after? Colonel William Paterson
40%
A distinctive shed in Tenambit is covered in advertising for.... Dr Morse's Indian Root Pills
40%
Which river flows through Maitland? Hunter
40%
Who's the most famous person buried in the East Maitland cemetery? Les Darcy
40%
The first Europeans to camp in the area arrived in 1816. Why were they there? Logging cedar
40%
What's in Brough House? The Australian Museum of Clothing and Textiles
40%
Which of these is not a suburb of Maitland? West Maitland
40%
Built in 1844, Maitland Gaol is a museum that features ghost tours, a boutique beer festival, and a seniors festival. When was it last used as a prison? 1998
20%
According to a sign at the Walka Water Works, Walka is an Aboriginal word meaning... Resting place by the water
20%
It is not really known, but Maitland is most likely named after... Scottish naval officer Frederick Maitland
20%
Built in 1879, the heritage listed building at 47 Church Street has been used as a private school, a Masonic lodge, a dance hall and a mechanics' workshop. What was its original function? Synagogue
20%
No matching quizzes found
Score Distribution
Percent of People with Each Score
Percentile by Number Answered
Your Score History
You have not taken this quiz